[Event "Duisburg Grossenbaum op"]
[Site "Duisburg"]
[Date "2005.05.16"]
[Round "7"]
[White "Euting, Werner"]
[Black "Heupel, Orchan"]
[Result "1-0"]
[WhiteElo "1809"]
[BlackElo "1637"]
[PlyCount "87"]
[EventDate "2005.05.13"]
[EventType "swiss"]
[EventRounds "7"]
[EventCountry "GER"]
[SourceTitle "EXT 2006"]
[Source "ChessBase"]
[SourceDate "2005.11.24"]
[SourceVersion "1"]
[SourceVersionDate "2005.11.24"]
[SourceQuality "1"]

1. d4 d5 2. Nf3 Nf6 3. Bf4 c6 4. e3 e6 5. Bd3 Bd6 6. Bg3 Bxg3 7. hxg3 h6 8. c3 Qc7 9. Nbd2 Nbd7 10. Qe2 0-0 11. e4 dxe4 12. Nxe4 Nxe4 13. Qxe4 Nf6 14. Qh4 c5 15. 0-0-0 cxd4 16. Qxd4 Rd8 17. Qxd8+ Qxd8 18. Bh7+ Kxh7 19. Rxd8 Ne4 20. Ne5 b6 21. f3 Nxg3 22. Re1 Nh5 23. Nxf7 Bb7 24. Rxa8 Bxa8 25. Ne5 Nf4 26. g3 Nh5 27. g4 Ng3 28. Rd1 h5 29. gxh5 b5 30. Rd8 Bd5 31. b3 Nxh5 32. c4 bxc4 33. bxc4 Bb7 34. Rd7 Bc8 35. Rc7 Ba6 36. Rxa7 Bc8 37. Rc7 Ba6 38. Ra7 Bc8 39. a4 Nf4 40. Kd2 Kh6 41. a5 Kg5 42. a6 Kf5 43. Nc6 Kf6 44. Ra8 1-0

[Event "Duisburg Grossenbaum op"]
[Site "Duisburg"]
[Date "2005.05.13"]
[Round "1"]
[White "Soehnchen, Andreas"]
[Black "Heupel, Orchan"]
[Result "1-0"]
[WhiteElo "2097"]
[BlackElo "1637"]
[PlyCount "37"]
[EventDate "2005.05.13"]
[EventType "swiss"]
[EventRounds "7"]
[EventCountry "GER"]
[SourceTitle "EXT 2006"]
[Source "ChessBase"]
[SourceDate "2005.11.24"]
[SourceVersion "1"]
[SourceVersionDate "2005.11.24"]
[SourceQuality "1"]

1. d4 d5 2. c4 c6 3. Nf3 Nf6 4. e3 e6 5. Nbd2 Nbd7 6. b3 Bd6 7. Bb2 Qc7 8. Rc1 b6 9. Bd3 Bb7 10. 0-0 0-0 11. Re1 e5 12. cxd5 Nxd5 13. dxe5 Nxe5 14. Nxe5 Bxe5 15. Bxh7+ Kxh7 16. Qh5+ Kg8 17. Bxe5 Qd7 18. Bxg7 Kxg7 19. Qg5+ 1-0

[Event "NRW-ch U18"]
[Site "Kranenburg"]
[Date "2005.03.31"]
[Round "5"]
[White "Petz, Stephan"]
[Black "Heupel, Orchan"]
[Result "1/2-1/2"]
[WhiteElo "1839"]
[BlackElo "1572"]
[PlyCount "48"]
[EventDate "2005.03.28"]
[EventType "swiss"]
[EventRounds "7"]
[EventCountry "GER"]
[SourceTitle "CBM 105 Extra"]
[Source "ChessBase"]
[SourceDate "2005.05.01"]
[SourceVersion "1"]
[SourceVersionDate "2005.05.01"]
[SourceQuality "1"]

1. e4 c6 2. d4 d5 3. exd5 cxd5 4. c4 Nc6 5. Nf3 Nf6 6. h3 e6 7. Nc3 a6 8. a3 dxc4 9. Bxc4 b5 10. Ba2 Bb7 11. 0-0 Bd6 12. Bg5 0-0 13. Re1 h6 14. Bh4 Be7 15. Rc1 Qd7 16. Bb1 Rfd8 17. Qc2 g6 18. Rcd1 Rac8 19. Ba2 Kg7 20. Ne5 Nxd4 21. Qd3 Qc7 22. Bg3 Nf3+ 23. Nxf3 Rxd3 24. Bxc7 Rxd1 1/2-1/2